000 00517nam a2200193Ia 4500
003 LDD
008 181029s9999 xx 000 0 und d
020 _a8185589305
_c1250.00
040 _cLDD
100 _aThangarajan, M.
245 0 _aGround water
_cM. Thangarajan
260 _aNew Delhi
_bCapital
_c2006
300 _a357p.
365 _b1250.00
901 _a3733
_b25-01-2007
902 _a11530
_b09-02-2007
_cF
_dGBH
_e58
903 _aDiscount-10
_bReqst by : Jaswant Koshi
942 _2ddc
_cBK
999 _c77783
_d77783